书目信息 |
| 题名: |
化工小商品生产法
|
|
| 作者: | 詹益兴 主编 | |
| 分册: | 第十集 | |
| 出版信息: | 长沙 湖南科学技术出版社 1992.3 |
|
| 页数: | 564页 | |
| 开本: | 19cm | |
| 丛书名: | ||
| 单 册: | ||
| 中图分类: | TQ-62 | |
| 科图分类: | ||
| 主题词: | 化学工业 | |
| 电子资源: | ||
| ISBN: | 7-5357-0984-2 | |
| 000 | 00714nam0 2200229 45 | |
| 001 | 0192008597 | |
| 005 | 20051114111011.95 | |
| 010 | @a7-5357-0984-2@dCNY7.20 | |
| 020 | @aCN@b92008597 | |
| 100 | @a19920813d1992 em y0chiy0121 ea | |
| 101 | 0 | @achi |
| 102 | @aCN@b430000 | |
| 105 | @ay z 000yy | |
| 200 | 10 | @a化工小商品生产法@Ahua gong xiao shang pin sheng chan fa@h第十集@f詹益兴主编@Fzhan yi xing zhu bian |
| 210 | @a长沙@c湖南科学技术出版社@d1992.3 | |
| 215 | @a564页@d19cm | |
| 330 | @a本集包括活性炭生产技术、硫酸铜生产技术和荧光增白剂生产技术三篇。 | |
| 606 | 0 | @a化学工业 |
| 690 | @aTQ-62 | |
| 701 | 0 | @a詹益兴@Azhan yi xing@4主编 |
| 801 | 0 | @aCN@bNLC@c20051114 |
| 905 | @f1@b246750@dTQ-62@e15:10 | |
| 化工小商品生产法.第十集/詹益兴主编.-长沙:湖南科学技术出版社,1992.3 |
| 564页;19cm |
| ISBN 7-5357-0984-2:CNY7.20 |
| 本集包括活性炭生产技术、硫酸铜生产技术和荧光增白剂生产技术三篇。 |
| ● |
| 相关链接 |
|
|
|
|
正题名:化工小商品生产法
索取号:TQ-62/15:10
 
预约/预借
| 序号 | 登录号 | 条形码 | 馆藏地/架位号 | 状态 | 备注 |
| 1 | 0246749 | 202146123 | 密集书库/ [索取号:TQ-62/15:10] | 在馆 | |
| 2 | 0246750 | 001646259 | 第三借阅区/ [索取号:TQ-62/15:10] | 在馆 | |
| 3 | 0246751 | 001646204 | 第二样本阅览室/ [索取号:TQ-62/15:10] | 在馆 |